000 02787nam a22002897a 4500
005 20250925090857.0
008 250925b ||||| |||| 00| 0 eng d
040 _cSSBUL
041 _aMyanmar
082 _223
_a၆၁၅.၈ ဘိုး
_b၁၉၈၄၃(ရည်) S-MTM
100 0 _aဘိုးလှ၊ ဦး၊ ဆရာကြီး-။
_962282
245 1 0 _aရှေးသမားတော်များဆေးကျမ်းပေါင်းချုပ် /
_cဆရာကြီးဦးဘိုးလှ၊ အတုလဆရာတော် ခင်ကြီးဖျော် နှင့် ဦးအာစာရ။
246 _aဒွိန္နသုခကာရီကုထုံးကျမ်းသစ် / ဆရာကြီးဦးဘိုးလှ။
246 _aအာဒိကပ္ပဒွါဒရာသီနက္ခတ်ကျမ်း၊ ဒွါဒသိမ်ကျမ်း/ ခင်ကြီးဖျော်။
246 _aကျုံယှနက္ခတ်ကျမ်း/ ဦးအာစာရ။
246 _aမာဓဝနိဒါန်း၊ ရောဂါအဆုံးအဖြတ်ကျမ်း ဒုတိယပိုင်း/ [သိမ်ဖြူဆရာတော် အရှင်နာဂသိန်]။
260 _aရန်ကုန် ၊
_bဗန္ဓုလစာပုံနှိပ်တိုက်၊
_c[၁၉၃၂]။
300 _aဇ၊ ၂၀၄။ ည၊ ၂၄၈၊ ကော-ကား၊ ၇၃၂ စာမျက်နှာ ၊
_c၂၇ စင်တီ။
500 _aS-MTM: Myanmar Traditional Medicine
500 _a၂-အုပ် ပေါင်းချုပ်ထားသည်။ ၁။ ဒွိန္နသုခကာရီကုထုံးကျမ်းသစ် / ဆရာကြီးဦးဘိုးလှ။ (ဇ၊ ၂၀၄ စာ) ၂။ အာဒိကပ္ပဒွါဒရာသီနက္ခတ်ကျမ်း၊ ဒွါဒသိမ်ကျမ်း/ ခင်ကြီးဖျော်။ နှင့် ကျုံယှနက္ခတ်ကျမ်း/ ဦးအာစာရ။ မာဓဝနိဒါန်း၊ ရောဂါအဆုံးအဖြတ်ကျမ်း ဒုတိယပိုင်း/ [သိမ်ဖြူဆရာတော် အရှင်နာဂသိန်]။ (ည၊ ၂၄၈၊ ကော-ကား၊ ၇၃၂ စာ)
650 _aကုထုံးပညာနှင့်ဆေးဝါးဗေဒ။
_932540
650 _aရောဂါများ။
_920699
650 _aတိုင်းရင်းဆေးပညာ။
700 0 _aခင်ကြီးဖျော်။
_962283
700 0 _aအာစာရ၊
_cဦး။
_962284
942 _2ddc
_cREF
999 _c45682
_d45682